000
00329nam a2200145Ia 4500
005
20251222141917.0
008
251222s9999||||xx |||||||||||||| ||spa||
020
_a
9789875912526
082
_a
971.43/T81
100
_a
Trquell, Ximena
245
0
_a
Contar con Imágenes:
250
_a
1ra.ed.
264
_b
Brujas
942
_c
LIB
999
_c
8588
_d
8588